00599nam a2200205Ia 450000500170000000800410001704000190005804100120007708200160008910000220010524500820012725000120020926000420022130000280026350400240029165000140031565100270032970000270035685000100038320240203092336.0131103s9999 xx 000 0 und d aLoreto College aEnglish a370.15bBLA aBlair,Glenn Myers aEducational Psychology, cGlenn Myers Blair, R.Stewart Jones, Ray H.Simpson a2nd ed. aNew YorkbThe Macmillan Companyc1962 axxiv,678 p.b ill.,fig. aFifth printing 1965 aEducation aEducational Psychology aJones,R. Stewart.auth. aLCLIB